| 000 | 01129nam a22003137a 4500 | ||
|---|---|---|---|
| 020 | _a9789694171234 | ||
| 082 |
_a627.52 _bWAG _cD |
||
| 100 |
_agulam hussain wagan _943922 |
||
| 245 | _acomprehensive irrigation guide & water management strategies | ||
| 260 |
_aislamabad _bhigher education commission pakistan _c2008 |
||
| 300 |
_axvii 267p. _c26cm |
||
| 526 |
_a0 _b0 _c0 _d627_520000000000000_WAG |
||
| 526 |
_a0 _b0 _c0 _d627_520000000000000_WAG |
||
| 526 |
_a0 _b0 _c0 _d627_520000000000000_WAG |
||
| 526 |
_a0 _b0 _c0 _d627_520000000000000_WAG |
||
| 526 |
_a0 _b0 _c0 _d627_520000000000000_WAG |
||
| 526 |
_a0 _b0 _c0 _d627_520000000000000_WAG |
||
| 526 |
_a0 _b0 _c0 _d627_520000000000000_WAG |
||
| 526 |
_a0 _b0 _c0 _d627_520000000000000_WAG |
||
| 526 |
_a0 _b0 _c0 _d627_520000000000000_WAG |
||
| 526 |
_a0 _b0 _c0 _d627_520000000000000_WAG |
||
| 526 |
_a0 _b0 _c0 _d627_520000000000000_WAG |
||
| 526 |
_a0 _b0 _c0 _d627_520000000000000_WAG |
||
| 526 |
_a0 _b0 _c0 _d627_520000000000000_WAG |
||
| 526 |
_a0 _b0 _c0 _d627_520000000000000_WAG |
||
| 526 |
_a0 _b0 _c0 _d627_520000000000000_WAG |
||
| 650 |
_aMCE _9379 |
||
| 942 |
_2ddc _cBK |
||
| 999 |
_c547799 _d547799 |
||